[Event "DEM U10/U10w 2003"]
[Site "Willingen GER"]
[Date "2003.06.11"]
[Round "6"]
[White "Wallenborn, Michael"]
[Black "Höfer, Michael"]
[Result "0-1"]
[Termination "normal"]
[Board "18"]
[WhiteElo "1243"]
[BlackElo "1003"]
[PlyCount "86"]
[BlackFideId "24668850"]
[EventCountry "GER"]
[EventRounds "11"]
[EventType "swiss"]
[EventDate "2003.06.07"]

1. e4 c5 2. Nf3 d6 3. Nc3 a6 4. Bc4 b5 5. Bd5 Ra7 6. a3 Nf6 7. Ba2 g6 8. d3 Bg7
9. Bd2 O-O 10. O-O Nc6 11. Nh4 e6 12. Re1 Bd7 13. Bg5 Ne5 14. Qd2 Re8 15. d4
cxd4 16. Qxd4 Qc7 17. f4 Nc6 18. Qe3 Ng4 19. Qg3 Qb6+ 20. Kf1 Nf6 21. Rad1 Qc7
22. Rd3 Nh5 23. Qf3 f5 24. exf5 h6 25. Bxh6 Bxh6 26. fxg6 Kg7 27. Qxh5 Rf8 28.
g3 e5 29. Rde3 Bc8 30. Kg1 exf4 31. gxf4 Rxf4 32. Kh1 Bb7 33. Kg1 Ne5 34. R3e2
Qb6+ 35. Re3 Rxh4 36. Qxh4 Bxe3+ 37. Kf1 Nxg6 38. Qg4 Ra8 39. Ke2 Rf8 40. Kd1
Bf3+ 41. Qxf3 Rxf3 42. Nd5 Qd4+ 43. Ke2 Rf2# 0-1

[Event "DEM U10/U10w 2003"]
[Site "Willingen GER"]
[Date "2003.06.11"]
[Round "6"]
[White "Osmanodja, Filiz"]
[Black "Orhan, Eda"]
[Result "1/2-1/2"]
[Termination "normal"]
[Board "19"]
[WhiteElo "1051"]
[BlackElo "1222"]
[PlyCount "98"]
[WhiteFideId "24633569"]
[BlackFideId "24659258"]
[EventCountry "GER"]
[EventRounds "11"]
[EventType "swiss"]
[EventDate "2003.06.07"]

1. e4 d5 2. exd5 Qxd5 3. Nc3 Qa5 4. d4 Bf5 5. Nf3 Nf6 6. Bd2 c6 7. Bc4 e6 8.
O-O Nbd7 9. Nd5 Qd8 10. Nxf6+ Nxf6 11. Bg5 h6 12. Bf4 Bd6 13. Bg3 Ne4 14. c3
Nxg3 15. fxg3 O-O 16. Nh4 Bh7 17. Qg4 Qb6 18. Rf2 e5 19. Re2 exd4 20. cxd4 Qb4
21. Bb3 c5 22. Kh1 Qxd4 23. Qxd4 cxd4 24. Rd1 Rfe8 25. Rf2 Kh8 26. Rxf7 b6 27.
Rd7 Bc5 28. Nf3 Rad8 29. Rxd8 Rxd8 30. Ne5 Rb8 31. Nf7+ Kg8 32. Nxh6+ Kh8 33.
Nf7+ Kg8 34. Ng5+ Kh8 35. Nxh7 Kxh7 36. Bc2+ Kg8 37. b4 Bxb4 38. Rxd4 Re8 39.
Bb3+ Kh7 40. h3 Re1+ 41. Kh2 Bc5 42. Rh4+ Kg6 43. g4 Bd6+ 44. g3 Re2+ 45. Kg1
Bxg3 46. Rh8 Rb2 47. Ra8 Bf2+ 48. Kf1 b5 49. Rf8 Bb6 1/2-1/2

[Event "DEM U10/U10w 2003"]
[Site "Willingen GER"]
[Date "2003.06.11"]
[Round "6"]
[White "Dünzel, Jonas"]
[Black "Lerch, Matthias"]
[Result "0-1"]
[Termination "normal"]
[Board "21"]
[WhiteElo "1230"]
[BlackElo "1150"]
[PlyCount "108"]
[WhiteFideId "24631167"]
[BlackFideId "24662151"]
[EventCountry "GER"]
[EventRounds "11"]
[EventType "swiss"]
[EventDate "2003.06.07"]

1. Nf3 e6 2. e4 d5 3. exd5 exd5 4. d4 Nf6 5. Bd3 Bd6 6. Bg5 O-O 7. O-O Bg4 8.
Nc3 c6 9. h3 Bh5 10. Re1 Nbd7 11. Re3 Qc7 12. Qe2 Rfe8 13. Re1 Qc8 14. Bf5 Rxe3
15. Qxe3 Qc7 16. Qd3 h6 17. Bd2 Re8 18. Rxe8+ Nxe8 19. g4 Bg6 20. Bxg6 fxg6 21.
Qxg6 Kf8 22. Qf5+ Nef6 23. Nh4 Kf7 24. Ng6 Qb6 25. Nh8+ Kg8 26. Ng6 Kf7 27.
Nh8+ Kg8 28. Ng6 Kf7 29. Ne5+ Ke7 30. Nd3 Qxd4 31. Be3 Qc4 32. Bxa7 b6 33. Bxb6
Nxb6 34. Ne5 Bxe5 35. Qxe5+ Kf7 36. Qc7+ Nbd7 37. Qd6 Qa6 38. h4 Qc8 39. g5
hxg5 40. hxg5 Nh7 41. g6+ Kg8 42. gxh7+ Kxh7 43. Qh2+ Kg8 44. Ne2 Qe8 45. Kf1
Qg6 46. Nd4 c5 47. Qc7 Qg4 48. Qc8+ Kh7 49. Ne2 Qh3+ 50. Ke1 Qh1+ 51. Kd2 Qh6+
52. f4 Nf6 53. Qf5+ Kh8 54. Qg5 Ne4+ 0-1

[Event "DEM U10/U10w 2003"]
[Site "Willingen GER"]
[Date "2003.06.11"]
[Round "6"]
[White "Cornish, Alexander Athony"]
[Black "Sohl, Thies"]
[Result "1-0"]
[Termination "normal"]
[Board "22"]
[WhiteElo "1219"]
[BlackElo "908"]
[PlyCount "120"]
[EventCountry "GER"]
[EventRounds "11"]
[EventType "swiss"]
[EventDate "2003.06.07"]

1. e4 e6 2. d4 d5 3. e5 c5 4. c3 Nc6 5. Nf3 Qb6 6. a4 a5 7. Bb5 f6 8. O-O cxd4
9. cxd4 fxe5 10. Nxe5 Nf6 11. Bg5 Be7 12. Qb3 O-O 13. Qh3 Qxd4 14. Bxc6 bxc6
15. Nxc6 Qc5 16. Nxe7+ Qxe7 17. Nc3 h6 18. Bxf6 Qxf6 19. Qg3 Rd8 20. Rfd1 d4
21. Nb5 Ba6 22. Nc7 Ra7 23. Nxa6 Rxa6 24. Ra3 Rad6 25. h3 Qf5 26. Rf3 Qc2 27.
Rf1 d3 28. Qg6 e5 29. Qe4 Qe2 30. Qc4+ Kh8 31. Re3 Qc2 32. Qe4 Qxb2 33. Rd1 d2
34. Kh2 Rc8 35. Rf3 Rdd8 36. Qh4 Qb8 37. Qg4 e4+ 38. Rf4 g5 39. g3 gxf4 40. Qh5
fxg3+ 41. fxg3 Rc7 42. Qxh6+ Rh7 43. Qf6+ Kg8 44. Qg6+ Rg7 45. Qe6+ Rf7 46.
Qg6+ Kf8 47. Qh6+ Ke8 48. Qe6+ Re7 49. Qg8+ Kd7 50. Rxd2+ Kc8 51. Rxd8+ Kc7 52.
Rxb8 e3 53. Rb2 e2 54. Qc4+ Kd8 55. Rb8+ Kd7 56. Rb7+ Kd8 57. Rxe7 Kxe7 58.
Qxe2+ Kf6 59. g4 Kg5 60. Qf2 Kg6 1-0

[Event "DEM U10/U10w 2003"]
[Site "Willingen GER"]
[Date "2003.06.11"]
[Round "6"]
[White "Kammrad, Caroline"]
[Black "Mertens, Fridolin"]
[Result "0-1"]
[Termination "normal"]
[Board "24"]
[WhiteElo "1086"]
[BlackElo "1205"]
[PlyCount "172"]
[BlackFideId "24671940"]
[EventCountry "GER"]
[EventRounds "11"]
[EventType "swiss"]
[EventDate "2003.06.07"]

1. c4 c5 2. Nc3 Nf6 3. Nf3 Nc6 4. g3 e6 5. d3 Be7 6. Bg2 d6 7. Bd2 Bd7 8. O-O
O-O 9. Re1 a6 10. a3 Qc7 11. Rb1 Rab8 12. b4 cxb4 13. axb4 Rfc8 14. b5 Na5 15.
bxa6 bxa6 16. Rxb8 Rxb8 17. Qc2 h6 18. Rb1 Rxb1+ 19. Qxb1 Ng4 20. h3 Nf6 21.
Be3 Qc8 22. Kh2 d5 23. Ne5 dxc4 24. Nxd7 Nxd7 25. dxc4 Qxc4 26. Qd1 Nf8 27. Ne4
Qb3 28. Qc1 Qc4 29. Qd2 Nb3 30. Qd1 Qb4 31. Qd3 Qb5 32. Qxb5 axb5 33. Nd2 Nxd2
34. Bxd2 b4 35. Be4 Nd7 36. Kg1 Nf6 37. Bd3 Kf8 38. Kf1 Ke8 39. Ke1 Kd7 40. Kd1
Bc5 41. e3 Kc6 42. Kc2 Kb6 43. Kb3 Ka5 44. Be1 Be7 45. e4 Nd7 46. Bc4 Nc5+ 47.
Kb2 Nxe4 48. Bd3 Nc5 49. Bc4 Ka4 50. f4 Ne4 51. g4 Nd6 52. Bb3+ Kb5 53. Bc2
Nc4+ 54. Kb3 Ne3 55. Bd3+ Ka5 56. Bf2 Ng2 57. f5 Nf4 58. Bc4 Nxh3 59. Be3 exf5
60. Bxf7 fxg4 61. Be6 h5 62. Bf7 Bg5 63. Bc5 Bd2 64. Be6 Ng5 65. Bc4 Ne4 66.
Bf7 Nxc5+ 67. Kc2 g3 68. Bd5 Bc3 69. Kb1 b3 70. Bxb3 Nxb3 71. Kc2 g2 72. Kxc3
g1=Q 73. Kc4 Qd1 74. Kc3 Qd4+ 75. Kc2 Qe3 76. Kb2 Na1 77. Ka2 Ka4 78. Kb2 Qb3+
79. Kxa1 Qf3 80. Kb2 Kb4 81. Kc2 Kc4 82. Kb2 Qe3 83. Ka2 Kb4 84. Kb2 Qe2+ 85.
Kc1 Kb3 86. Kb1 Qb2# 0-1

[Event "DEM U10/U10w 2003"]
[Site "Willingen GER"]
[Date "2003.06.11"]
[Round "6"]
[White "Schäfer, Simon"]
[Black "Gheng, Hannelore"]
[Result "1/2-1/2"]
[Termination "normal"]
[Board "25"]
[WhiteElo "1059"]
[BlackElo "1192"]
[PlyCount "35"]
[EventCountry "GER"]
[EventRounds "11"]
[EventType "swiss"]
[EventDate "2003.06.07"]

1. d4 d5 2. c4 e6 3. Nc3 Nf6 4. Bg5 Nbd7 5. Nf3 Bb4 6. a3 Bxc3+ 7. bxc3 dxc4 8.
e3 Nb6 9. Ne5 O-O 10. Nxc4 Nxc4 11. Bxc4 h6 12. Bxf6 Qxf6 13. O-O b6 14. Re1
Bb7 15. Qd3 Qg5 16. g3 Qg4 17. e4 Rad8 18. Qe2 1/2-1/2

[Event "DEM U10/U10w 2003"]
[Site "Willingen GER"]
[Date "2003.06.11"]
[Round "6"]
[White "Kartsev, Alexandr"]
[Black "Stitterich, Nadine"]
[Result "1-0"]
[Termination "normal"]
[Board "27"]
[WhiteElo "1258"]
[BlackElo "890"]
[PlyCount "76"]
[WhiteFideId "24647110"]
[BlackFideId "24676527"]
[EventCountry "GER"]
[EventRounds "11"]
[EventType "swiss"]
[EventDate "2003.06.07"]

1. d4 d5 2. c4 e6 3. cxd5 exd5 4. Nf3 Nc6 5. Nc3 Nf6 6. Bf4 Bd6 7. Bxd6 Qxd6 8.
a3 O-O 9. e3 Re8 10. Be2 a6 11. O-O Bf5 12. Rc1 Rac8 13. Qb3 b5 14. Qd1 h6 15.
h3 Ne4 16. Nxe4 Bxe4 17. Bd3 Re7 18. Bxe4 dxe4 19. Nd2 Rce8 20. Qc2 Nb8 21.
Nxe4 Qb6 22. Ng3 Rc8 23. Qc5 Qxc5 24. Rxc5 Nd7 25. Nf5 Ree8 26. Rc3 a5 27. Rfc1
Rcd8 28. Rxc7 b4 29. axb4 axb4 30. Nd6 Re7 31. b3 h5 32. Rc8 Rxc8 33. Rxc8+ Kh7
34. Rc7 Kg8 35. Nf5 Kf8 36. Nxe7 Kxe7 37. Rb7 Kd8 38. Rxb4 Nf6 1-0

[Event "DEM U10/U10w 2003"]
[Site "Willingen GER"]
[Date "2003.06.11"]
[Round "6"]
[White "Rösch, Daniel"]
[Black "Muschak, Theresia"]
[Result "1-0"]
[Termination "normal"]
[Board "28"]
[WhiteElo "1093"]
[BlackElo "860"]
[PlyCount "73"]
[EventCountry "GER"]
[EventRounds "11"]
[EventType "swiss"]
[EventDate "2003.06.07"]

1. e4 e5 2. Nf3 Nc6 3. d4 Bd6 4. Nc3 Nf6 5. Bg5 h6 6. Bh4 b6 7. Bb5 Bb7 8. Bxc6
Bxc6 9. dxe5 Bxe5 10. Nxe5 Bb7 11. Ng4 g5 12. Bg3 Nxe4 13. Qe2 f5 14. f3 fxg4
15. Nxe4 Bxe4 16. Qxe4+ Kf8 17. Bxc7 Qxc7 18. Qxa8+ Kg7 19. Qe4 gxf3 20. gxf3
Qd8 21. Qd4+ Qf6 22. Qxf6+ Kxf6 23. O-O-O h5 24. Rxd7 a5 25. Rd6+ Ke5 26. Rxb6
Rf8 27. Rb5+ Kd6 28. Rxg5 Rxf3 29. Rxh5 a4 30. Ra5 Rf4 31. h4 Ke6 32. h5 Kf7
33. h6 Kg8 34. h7+ Kh8 35. Ra8+ Kg7 36. h8=Q+ Kf7 37. Qf8+ 1-0

[Event "DEM U10/U10w 2003"]
[Site "Willingen GER"]
[Date "2003.06.11"]
[Round "6"]
[White "Mirke, Roy"]
[Black "Bräuer, Franz"]
[Result "1-0"]
[Termination "normal"]
[Board "29"]
[WhiteElo "855"]
[BlackElo "1085"]
[PlyCount "21"]
[WhiteFideId "24647306"]
[BlackFideId "24634468"]
[EventCountry "GER"]
[EventRounds "11"]
[EventType "swiss"]
[EventDate "2003.06.07"]

1. e4 e5 2. Nf3 Nc6 3. Bc4 Nf6 4. d4 exd4 5. O-O Bc5 6. e5 Nh5 7. Ng5 d5 8.
Qxh5 g6 9. Qf3 Nxe5 10. Re1 f6 11. Rxe5+ 1-0

[Event "DEM U10/U10w 2003"]
[Site "Willingen GER"]
[Date "2003.06.11"]
[Round "6"]
[White "Spangenberg, Romy"]
[Black "Schätz, Annika"]
[Result "0-1"]
[Termination "normal"]
[Board "32"]
[WhiteElo "833"]
[BlackElo "1037"]
[PlyCount "46"]
[WhiteFideId "4627997"]
[BlackFideId "24674796"]
[EventCountry "GER"]
[EventRounds "11"]
[EventType "swiss"]
[EventDate "2003.06.07"]

1. b4 e5 2. Bb2 Bxb4 3. Bxe5 Nf6 4. Nc3 O-O 5. Nf3 Nc6 6. Bf4 d5 7. d4 Bxc3+ 8.
Bd2 Bxa1 9. Qxa1 Bg4 10. Qd1 Bxf3 11. exf3 Re8+ 12. Be2 Nxd4 13. O-O Nxe2+ 14.
Kh1 d4 15. Re1 Nc3 16. Rxe8+ Qxe8 17. Bxc3 dxc3 18. g3 Rd8 19. Qb1 Qe2 20. Kg2
Rd2 21. Kh3 Qxf2 22. Kh4 h6 23. h3 g5# 0-1

[Event "DEM U10/U10w 2003"]
[Site "Willingen GER"]
[Date "2003.06.11"]
[Round "7"]
[White "Endreß, Anna"]
[Black "Zelbel, Patrick"]
[Result "0-1"]
[Termination "normal"]
[Board "1"]
[WhiteElo "1573"]
[BlackElo "1595"]
[PlyCount "90"]
[WhiteFideId "24629472"]
[BlackFideId "24624322"]
[EventCountry "GER"]
[EventRounds "11"]
[EventType "swiss"]
[EventDate "2003.06.07"]

1. e4 e5 2. Nf3 Nc6 3. Bb5 a6 4. Bxc6 dxc6 5. d4 exd4 6. Qxd4 Qxd4 7. Nxd4 c5
8. Nf3 Be6 9. Be3 O-O-O 10. O-O Be7 11. Nc3 Nf6 12. h3 h6 13. Rad1 b6 14. Rfe1
Rxd1 15. Rxd1 Rd8 16. Rxd8+ Kxd8 17. Kf1 b5 18. Ke1 b4 19. Ne2 Nxe4 20. Nd2
Nxd2 21. Kxd2 Bd5 22. f3 Kd7 23. a3 bxa3 24. bxa3 c4 25. Bd4 g6 26. Bb2 Bg5+
27. Kd1 Kd6 28. Nc3 c6 29. Ke2 Ke6 30. Nb1 Bf6 31. Bxf6 Kxf6 32. c3 Ke5 33. Ke3
f5 34. g3 Kd6 35. f4 Kc5 36. Kd2 Be4 37. Kc1 Bxb1 38. Kxb1 Kd5 39. g4 fxg4 40.
hxg4 h5 41. f5 h4 42. fxg6 Ke6 43. g5 h3 44. g7 Kf7 45. g6+ Kxg7 0-1

[Event "DEM U10/U10w 2003"]
[Site "Willingen GER"]
[Date "2003.06.11"]
[Round "7"]
[White "Mihok, Oliver"]
[Black "Billing, Alexander"]
[Result "1-0"]
[Termination "normal"]
[Board "2"]
[WhiteElo "1913"]
[BlackElo "1333"]
[PlyCount "53"]
[WhiteFideId "728012"]
[BlackFideId "24624420"]
[EventCountry "GER"]
[EventRounds "11"]
[EventType "swiss"]
[EventDate "2003.06.07"]

1. e4 e6 2. d4 d5 3. Nd2 dxe4 4. Nxe4 Nf6 5. Bg5 Be7 6. Bxf6 Bxf6 7. c3 O-O 8.
Nf3 Re8 9. Qc2 Nc6 10. O-O-O b6 11. Bd3 h6 12. g4 Be7 13. h4 Bb7 14. h5 f5 15.
gxf5 exf5 16. Ned2 f4 17. Rhg1 Bf6 18. Bc4+ Kh8 19. Qg6 Ne7 20. Qg4 Qd6 21.
Rde1 Bc8 22. Be6 Bxe6 23. Rxe6 Qd7 24. Ne5 Bxe5 25. Rxh6+ gxh6 26. Qxd7 Bd6 27.
Qe6 1-0

[Event "DEM U10/U10w 2003"]
[Site "Willingen GER"]
[Date "2003.06.11"]
[Round "7"]
[White "Huhnstock, Rico"]
[Black "Schäfer, Alexander"]
[Result "1/2-1/2"]
[Termination "normal"]
[Board "4"]
[WhiteElo "1311"]
[BlackElo "1646"]
[PlyCount "51"]
[WhiteFideId "24642932"]
[BlackFideId "24615196"]
[EventCountry "GER"]
[EventRounds "11"]
[EventType "swiss"]
[EventDate "2003.06.07"]

1. e4 d6 2. d4 Nf6 3. Nc3 g6 4. Nf3 Bg7 5. Be3 O-O 6. Bc4 c6 7. a4 Nxe4 8. Nxe4
d5 9. Bd3 dxe4 10. Bxe4 Nd7 11. c3 f5 12. Bd3 e5 13. Bc4+ Kh8 14. dxe5 Nxe5 15.
Nxe5 Bxe5 16. O-O Qc7 17. Bd4 c5 18. Bxe5+ Qxe5 19. Re1 Qg7 20. Qd5 Qc7 21.
Qe5+ Qxe5 22. Rxe5 b6 23. a5 Bb7 24. Bd5 Bxd5 25. Rxd5 Rfe8 26. Kf1 1/2-1/2

[Event "DEM U10/U10w 2003"]
[Site "Willingen GER"]
[Date "2003.06.11"]
[Round "7"]
[White "Gadschisade, Machmud"]
[Black "Rafayevych, Wilen"]
[Result "1-0"]
[Termination "normal"]
[Board "5"]
[WhiteElo "1428"]
[BlackElo "1301"]
[PlyCount "65"]
[WhiteFideId "4647734"]
[EventCountry "GER"]
[EventRounds "11"]
[EventType "swiss"]
[EventDate "2003.06.07"]

1. e4 d5 2. exd5 Qxd5 3. Nc3 Qa5 4. Nf3 Nf6 5. Be2 Bg4 6. h3 Bh5 7. b4 Qb6 8.
O-O e6 9. Rb1 Bd6 10. a4 O-O 11. a5 Qc6 12. Bb5 Bxf3 13. gxf3 Bh2+ 14. Kxh2
Qd6+ 15. Kg2 c6 16. Bc4 b6 17. axb6 axb6 18. Ne4 Qe5 19. Bb2 Qf5 20. Nxf6+ gxf6
21. Rg1 Kh8 22. Bd3 Rg8+ 23. Kh2 Qf4+ 24. Rg3 Nd7 25. Kg2 e5 26. Be4 Rxg3+ 27.
fxg3 Rg8 28. Qe1 h5 29. Kh2 Qg5 30. Qf2 Nf8 31. Rg1 Ne6 32. Qe3 Qg7 33. Bxc6
1-0

[Event "DEM U10/U10w 2003"]
[Site "Willingen GER"]
[Date "2003.06.11"]
[Round "7"]
[White "Blübaum, Johanna"]
[Black "Wilke, Friedrich"]
[Result "0-1"]
[Termination "normal"]
[Board "6"]
[WhiteElo "1243"]
[BlackElo "1340"]
[PlyCount "92"]
[WhiteFideId "24647373"]
[EventCountry "GER"]
[EventRounds "11"]
[EventType "swiss"]
[EventDate "2003.06.07"]

1. d4 g6 2. c4 Bg7 3. Nc3 c6 4. e4 d6 5. Nf3 Bg4 6. Be2 Qb6 7. Ng5 Bxe2 8. Nxe2
Qb4+ 9. Nc3 Qxc4 10. Be3 Nd7 11. Qe2 Qb4 12. Nf3 Ngf6 13. O-O O-O 14. Rac1 Nb6
15. b3 d5 16. Bd2 Qa3 17. Bg5 Nxe4 18. Nxe4 dxe4 19. Qxe4 e6 20. Qb1 Qb4 21.
Be3 Nd5 22. Qd3 Rfd8 23. Qc4 Qa5 24. Bd2 Qb6 25. Qc5 Qc7 26. Rfe1 Ne7 27. Bb4
Nf5 28. Rcd1 Rd5 29. Qc4 Rad8 30. Bc3 e5 31. Re4 Qd6 32. g3 Nxd4 33. Nxd4 exd4
34. Bb4 c5 35. Ba5 b6 36. Be1 Re5 37. Rxe5 Qxe5 38. f4 Qe7 39. Qd3 Re8 40. Kf2
f5 41. Kf1 Qb7 42. Qc4+ Kh8 43. Kg1 Qf3 44. Rb1 Re2 45. Qxe2 Qxe2 46. Kh1 Qf1#
0-1

[Event "DEM U10/U10w 2003"]
[Site "Willingen GER"]
[Date "2003.06.11"]
[Round "7"]
[White "Weber, Raphael"]
[Black "Lobmeyer, Fabian"]
[Result "0-1"]
[Termination "normal"]
[Board "7"]
[WhiteElo "1250"]
[BlackElo "1316"]
[PlyCount "38"]
[WhiteFideId "24644110"]
[BlackFideId "24659681"]
[EventCountry "GER"]
[EventRounds "11"]
[EventType "swiss"]
[EventDate "2003.06.07"]

1. e4 c5 2. Nf3 Nc6 3. d4 cxd4 4. Nxd4 Nf6 5. Nc3 d6 6. Be3 Ng4 7. Bg5 g6 8.
Be2 Nge5 9. Qd2 Bg7 10. f3 Nxd4 11. Be3 Ndc6 12. O-O-O O-O 13. Bh6 Be6 14. h4
Nd4 15. h5 Nxe2+ 16. Nxe2 Nc4 17. Qf4 Bxb2+ 18. Kb1 Qb6 19. c3 Na3# 0-1

[Event "DEM U10/U10w 2003"]
[Site "Willingen GER"]
[Date "2003.06.11"]
[Round "7"]
[White "Giesler, Julius"]
[Black "Friedrich, Wiede"]
[Result "1-0"]
[Termination "normal"]
[Board "8"]
[WhiteElo "1243"]
[BlackElo "1431"]
[PlyCount "47"]
[BlackFideId "24629537"]
[EventCountry "GER"]
[EventRounds "11"]
[EventType "swiss"]
[EventDate "2003.06.07"]

1. d4 d5 2. c4 c6 3. Nf3 Bf5 4. Nc3 e6 5. Qb3 Qd7 6. Ne5 Qc7 7. Bf4 Bd6 8. c5
Be7 9. Ng6 Qd8 10. Nxh8 Qd7 11. Nxf7 Kxf7 12. e3 Nf6 13. Be2 Qc8 14. O-O Nbd7
15. Bf3 Nf8 16. Rfe1 Ng6 17. Bg3 Qd7 18. Rad1 Rd8 19. e4 dxe4 20. Nxe4 Bxe4 21.
Bxe4 Nxe4 22. Rxe4 Bxc5 23. Qf3+ Kg8 24. Qg4 1-0

[Event "DEM U10/U10w 2003"]
[Site "Willingen GER"]
[Date "2003.06.11"]
[Round "7"]
[White "Osmanodja, Bilgin"]
[Black "Grimm, Pascal"]
[Result "0-1"]
[Termination "normal"]
[Board "9"]
[WhiteElo "1330"]
[BlackElo "1246"]
[PlyCount "166"]
[BlackFideId "24620122"]
[EventCountry "GER"]
[EventRounds "11"]
[EventType "swiss"]
[EventDate "2003.06.07"]

1. e4 c5 2. Nf3 Nc6 3. d4 cxd4 4. Nxd4 g6 5. Nf3 Bg7 6. c3 Nf6 7. Nbd2 d6 8.
Bc4 O-O 9. O-O Qc7 10. Re1 a6 11. a4 Bd7 12. Nf1 Rab8 13. Ng3 Ng4 14. h3 Nge5
15. Bb3 Nxf3+ 16. Qxf3 Ne5 17. Qe2 Rfc8 18. Bg5 Re8 19. Kh1 h6 20. Be3 Rbc8 21.
f4 Nc4 22. Bxc4 Qxc4 23. Qc2 Red8 24. f5 g5 25. Nh5 Be5 26. h4 f6 27. hxg5 hxg5
28. Bf2 Kf7 29. Ng3 Rh8+ 30. Kg1 Rh7 31. Ne2 Rch8 32. Be3 Rh1+ 33. Kf2 Rxe1 34.
Kxe1 Bc6 35. b3 Qxe4 36. Qxe4 Bxe4 37. g4 Bf3 38. Kf2 Bxg4 39. Rg1 Bxf5 40. c4
Bd3 41. Nc1 Be4 42. Rg4 Bf5 43. Rg2 Rh2 44. Kg1 Rxg2+ 45. Kxg2 Bf4 46. Bxf4
gxf4 47. Kf3 e5 48. b4 Be6 49. c5 dxc5 50. bxc5 Bd7 51. a5 Ke6 52. Ke4 Bc6+ 53.
Kd3 Kd5 54. Nb3 Ba4 55. Nd2 Kxc5 56. Ne4+ Kb5 57. Nxf6 Kxa5 58. Ke4 Bc6+ 59.
Kxe5 f3 60. Ng4 b5 61. Kd4 Kb4 62. Nf2 a5 63. Nd3+ Kb3 64. Nc5+ Ka3 65. Nd3 b4
66. Ne1 b3 67. Kd3 f2 68. Nc2+ bxc2 69. Kxc2 f1=Q 70. Kd2 Qc4 71. Ke3 Qe4+ 72.
Kd2 Qf3 73. Kc2 Ba4+ 74. Kd2 Kb4 75. Ke1 Qc3+ 76. Kf2 Qd3 77. Ke1 Qc2 78. Kf1
Kc4 79. Ke1 Kd3 80. Kf1 Qe2+ 81. Kg1 Ke3 82. Kh1 Kf3 83. Kg1 Qg2# 0-1

[Event "DEM U10/U10w 2003"]
[Site "Willingen GER"]
[Date "2003.06.11"]
[Round "7"]
[White "Höfer, Michael"]
[Black "Miclea, Andrei"]
[Result "1-0"]
[Termination "normal"]
[Board "10"]
[WhiteElo "1003"]
[BlackElo "1286"]
[PlyCount "65"]
[WhiteFideId "24668850"]
[EventCountry "GER"]
[EventRounds "11"]
[EventType "swiss"]
[EventDate "2003.06.07"]

1. d4 d5 2. c4 e6 3. Nc3 Nf6 4. Nf3 Bb4 5. Bd2 c6 6. a3 Bxc3 7. Bxc3 dxc4 8. e3
Nd5 9. Bd2 Qb6 10. Rb1 O-O 11. Bxc4 Nd7 12. O-O N7f6 13. Re1 Ne4 14. Bd3 Nxd2
15. Qxd2 Qc7 16. Qe2 Bd7 17. Ng5 Nf6 18. g3 h6 19. Ne4 Nxe4 20. Bxe4 e5 21.
Rbd1 Be6 22. Bb1 Bb3 23. Qd3 g6 24. Qxb3 Rae8 25. dxe5 Rxe5 26. Bxg6 Kg7 27.
Bb1 Qc8 28. Qc3 f6 29. Qc2 f5 30. Rd6 Qc7 31. Red1 Rf7 32. Qc3 Rfe7 33. f4 1-0

[Event "DEM U10/U10w 2003"]
[Site "Willingen GER"]
[Date "2003.06.11"]
[Round "7"]
[White "Zivkovic, Djordje"]
[Black "Kaphle, Sebastian"]
[Result "1-0"]
[Termination "normal"]
[Board "11"]
[WhiteElo "1259"]
[BlackElo "1201"]
[PlyCount "91"]
[BlackFideId "24626708"]
[EventCountry "GER"]
[EventRounds "11"]
[EventType "swiss"]
[EventDate "2003.06.07"]

1. e4 e5 2. Nf3 Nc6 3. d4 exd4 4. Nxd4 Bc5 5. Be3 Bb6 6. Qd2 h6 7. Nb3 d6 8.
Bd3 Be6 9. Nc3 Qd7 10. O-O-O Nge7 11. h3 Bxe3 12. Qxe3 O-O-O 13. g4 g5 14. Bb5
Kb8 15. Bxc6 Nxc6 16. Nd4 Nxd4 17. Rxd4 c6 18. Ra4 c5 19. Rd1 Qc6 20. Ra3 Rhe8
21. Qf3 Bc4 22. Nd5 Bxd5 23. exd5 Qd7 24. Qf6 Rh8 25. Re3 Qa4 26. Kb1 Ka8 27.
Qc3 b5 28. Qb3 Qxb3 29. cxb3 b4 30. Re7 Rhf8 31. Re3 f5 32. f3 fxg4 33. fxg4
Rde8 34. Re6 Rxe6 35. dxe6 Rd8 36. e7 Re8 37. Rxd6 Rxe7 38. Rxh6 Re1+ 39. Kc2
Re2+ 40. Kd3 Rxb2 41. Kc4 Rc2+ 42. Kb5 Rxa2 43. Kxc5 a5 44. Kb5 Ra3 45. h4 gxh4
46. Rxh4 1-0

[Event "DEM U10/U10w 2003"]
[Site "Willingen GER"]
[Date "2003.06.11"]
[Round "7"]
[White "Wang, Zhangxian"]
[Black "Dorn, Carina"]
[Result "1-0"]
[Termination "normal"]
[Board "12"]
[WhiteElo "1400"]
[BlackElo "1124"]
[PlyCount "135"]
[BlackFideId "24666335"]
[EventCountry "GER"]
[EventRounds "11"]
[EventType "swiss"]
[EventDate "2003.06.07"]

1. e4 e6 2. d4 d5 3. e5 c5 4. c3 Nc6 5. Nf3 Qb6 6. a3 a5 7. Be2 Nh6 8. Bd3 Bd7
9. Bc2 cxd4 10. cxd4 Nf5 11. Bxf5 exf5 12. Nc3 Be6 13. O-O Be7 14. b3 O-O 15.
Bb2 Rfc8 16. Rc1 h6 17. Na4 Qa7 18. Qe2 Qa6 19. Qxa6 Rxa6 20. Rc2 b5 21. Nc5
Ra7 22. Rfc1 g5 23. Nxe6 fxe6 24. Rxc6 Rxc6 25. Rxc6 Kf7 26. Kf1 g4 27. Nd2 h5
28. Nb1 h4 29. Ke2 f4 30. g3 f3+ 31. Kd3 hxg3 32. hxg3 Ra8 33. Nc3 b4 34. axb4
axb4 35. Na4 Rh8 36. Nc5 Rh6 37. Bc1 Rh2 38. Be3 Rh8 39. Rxe6 Rb8 40. Ra6 Bd8
41. e6+ Kf6 42. Nd7+ Ke7 43. Nxb8 Kf6 44. e7+ Kxe7 45. Bg5+ Ke8 46. Re6+ Kf8
47. Bxd8 Kf7 48. Re5 Kg6 49. Rxd5 Kf7 50. Be7 Kxe7 51. Rg5 Kf6 52. Rxg4 Kf5 53.
d5 Kxg4 54. d6 Kf5 55. d7 Ke6 56. d8=Q Ke5 57. Qd4+ Ke6 58. Qc5 Kf6 59. Qd5 Kg6
60. Qe5 Kf7 61. Qd6 Kg7 62. Qe6 Kh7 63. Qg4 Kh6 64. Ke4 Kh7 65. Qg5 Kh8 66. Kf5
Kh7 67. Kf6 Kh8 68. Qg7# 1-0

[Event "DEM U10/U10w 2003"]
[Site "Willingen GER"]
[Date "2003.06.11"]
[Round "7"]
[White "Lerch, Matthias"]
[Black "Specht, Christian"]
[Result "1-0"]
[Termination "normal"]
[Board "15"]
[WhiteElo "1150"]
[BlackElo "1327"]
[PlyCount "53"]
[WhiteFideId "24662151"]
[BlackFideId "24647985"]
[EventCountry "GER"]
[EventRounds "11"]
[EventType "swiss"]
[EventDate "2003.06.07"]

1. e4 c5 2. Nf3 Nc6 3. d4 cxd4 4. Nxd4 Nf6 5. Nc3 e5 6. Ndb5 d6 7. Nd5 Nxd5 8.
exd5 Nb8 9. c4 a6 10. Nc3 Nd7 11. Be3 Be7 12. Bd3 O-O 13. O-O f5 14. f4 e4 15.
Be2 Nf6 16. b4 Bd7 17. c5 Rc8 18. Rc1 dxc5 19. bxc5 Bxc5 20. Bxc5 Rxc5 21. Qb3
b5 22. Rfd1 Bc8 23. a4 bxa4 24. Qxa4 Nxd5 25. Nxd5 Rxd5 26. Rxd5 Qxd5 27. Bc4
1-0